| 000 | 00546cam a2200145 4500500 | ||
|---|---|---|---|
| 005 | 20251228093424.0 | ||
| 041 | _afre | ||
| 042 | _adc | ||
| 100 | 1 | 0 |
_aBlum, Alain _eauthor |
| 245 | 0 | 0 | _aSarah Davies, James Harris, eds. Stalin : A New History Cambridge : Cambridge University Press, 2005, 308 p. |
| 260 | _c2005. | ||
| 500 | _a27 | ||
| 786 | 0 | _nCahiers du monde russe | Vol 46 | 4 | 2005-11-01 | p. 859p-990p | 1252-6576 | |
| 856 | 4 | 1 | _uhttps://shs.cairn.info/revue-cahiers-du-monde-russe-2005-4-page-859p?lang=fr&redirect-ssocas=7080 |
| 999 |
_c1604341 _d1604341 |
||